Score 0/48 Timer 04:00
20 Plays Today
% Correct
June
94.8%
Grumble
94.4%
Fumble
94.2%
April
93.6%
Crumble
93.3%
Bumble
91.7%
November
91.5%
September
89.2%
Roger Taylor
87.2%
Freddie Mercury
87.2%
New Mexico
84.4%
Arizona
83.3%
Kuwait
83.1%
Colorado
81.4%
Kyrgyzstan
80.9%
Kazakhstan
79.9%
Lilo & Stitch
79%
Return of the Jedi
76.5%
Utah
76%
The Lion King
75.7%
Short Line/Marylebone
75.2%
Reading/Liverpool St.
74.7%
AsunciĆ³n
72%
Santiago
71.8%
% Correct
Beauregarde
67.6%
Wizards
67.3%
Bucket/Teavee
67.2%
Brian May
67.1%
Pennsylvania/King's Cross
66.2%
The Last Jedi
65.9%
Buenos Aires
65.1%
Kenya
64.4%
The Little Mermaid
63.2%
The Phantom Menace
60.4%
Gloop
59.7%
Meg
58.2%
Wild
57.4%
Jo
57.1%
B & O/Fenchurch St.
52.8%
White Sox
52.7%
Attack of the Clones
47.7%
Salt
46.9%
Beth
45.8%
Warriors
44.4%
Montevideo
43.8%
Lady and the Tramp
42.2%
Amy
36.8%
John Deacon
23.7%
Remove Ads.
Support Sporcle.
Get the best of Sporcle when you Go Orange. This ad-free experience offers more features, more stats, and more fun while also helping to support Sporcle. Thank you for becoming a member.

You're not logged in!

Compare scores with friends on all Sporcle quizzes.
OR
Log In

Show Comments

Extras

Top Quizzes Today


Score Distribution

Your Account Isn't Verified!

In order to create a playlist on Sporcle, you need to verify the email address you used during registration. Go to your Sporcle Settings to finish the process.

Report this User

Report this user for behavior that violates our Community Guidelines.

Details: